| 000 | 00673nab a2200205 4500 | ||
|---|---|---|---|
| 003 | BR-BrBNA | ||
| 005 | 20250117115934.0 | ||
| 008 | 250103b bl.||||| |||| 00| 0 por d | ||
| 040 |
_aBR-BrBNA _bpor |
||
| 072 | _aF30 ; A50 | ||
| 100 | _aAttuch, Leonardo | ||
| 245 |
_aO futuro dos transgênicos _cAgroeconomia |
||
| 500 | _a3 illus. | ||
| 650 | _aALIMENTO TRANSGÊNICO | ||
| 650 | _aBIOTECNOLOGIA | ||
| 650 | _aPESQUISA AGRÍCOLA | ||
| 773 | 0 |
_01706 _9347426 _dSão Paulo-SP Editora Três Ltda - E-mail: luizfsa@revistadinheiro.com.br 2004 _o2024-8517 _tDinheiro Rural (Brazil) _x1807-3700 _gv. 1(1) p. 30-32; (Nov 2004) |
|
| 942 | _cANA | ||
| 999 |
_c329492 _d329492 |
||